000 00386nam a22001217a 4500
008 190312b xxu||||| |||| 00| 0 eng d
041 _aeng
080 _a043.3
100 _a0
101 _aSHKI-MTH
245 _aZhvillimi i sistemit për detektimin e përmbajtjes së njëjtë brenda institucionit akademik UBT, duke përfshirë edhe karakteret speciale
_cZylfiu,B
942 _2udc
_cBK
999 _c54722
_d54722